Indicators of sustainable development for tourism destinations : a guidebook
Saved in:
| Corporate Author: | |
|---|---|
| Format: | Book |
| Language: | English |
| Published: |
Madrid, Spain :
World Tourism Organization,
2004
|
| Subjects: | |
| Tags: |
Add Tag
No Tags, Be the first to tag this record!
|
MARC
| LEADER | 00000cam a2200000 i 4500 | ||
|---|---|---|---|
| 001 | 1/85093 | ||
| 008 | 050909s2004 eng d | ||
| 020 | |a 92-844-0726-5 | ||
| 035 | |l 10080189 | ||
| 040 | |a GR-MY-UA |b gre |e aacr | ||
| 041 | 0 | |a eng | |
| 082 | 0 | |a 338.4791 |2 (22) | |
| 110 | 2 | |a World Tourism Organization. | |
| 245 | 1 | 0 | |a Indicators of sustainable development for tourism destinations : |b a guidebook / |c World Tourism Organization |
| 260 | |a Madrid, Spain : |b World Tourism Organization, |c 2004 | ||
| 300 | |a vii, 507 σ.; |b εικ., χαρτ.; |c 29 εκ. | ||
| 504 | |a Περιλαμβάνει ευρετήριο | ||
| 650 | 0 | 0 | |a Ecotourism. |
| 650 | 0 | 0 | |a Sustainable development. |
| 852 | |a INST |b CHIOS |e 20050909 |h 338.4791 WOR |p 005200024742 |q 005200024742 |t BK |y 0 | ||
| 901 | |a BIBL2-2005-3 | ||
| 909 | |a Χ |b 119534 | ||
| 970 | |a ΧΑΖΙΡΗ |b ΑΝΝΑ |z 2005/09/09 | ||